LEADER 01491 am 2200505 n 450 001 9910500607003321 005 20190529 010 $a979-1-03-654639-6 024 7 $a10.4000/books.cemca.4881 035 $a(CKB)4100000012041008 035 $a(FrMaCLE)OB-cemca-4881 035 $a(oapen)https://directory.doabooks.org/handle/20.500.12854/87307 035 $a(PPN)258323140 035 $a(EXLCZ)994100000012041008 100 $a20211007j|||||||| ||| 0 101 0 $afre 135 $auu||||||m|||| 181 $ctxt$2rdacontent 182 $cc$2rdamedia 183 $acr$2rdacarrier 200 10$aArchéologie de l?habitat en alta Verapaz, Guatemala /$fMarie-Charlotte Arnauld 210 $aMexico $cCentro de estudios mexicanos y centroamericanos$d2019 215 $a1 online resource (480 p.) 225 1 $aÉtudes mésoaméricaines 330 $aundefined 606 $aArchaeology 606 $aarchéologie 606 $ahabitat 606 $aGuatemala 606 $acivilisation Maya 610 $aarchéologie 610 $ahabitat 610 $aGuatemala 610 $acivilisation Maya 615 4$aArchaeology 615 4$aarchéologie 615 4$ahabitat 615 4$aGuatemala 615 4$acivilisation Maya 700 $aArnauld$b Marie-Charlotte$0885143 801 0$bFR-FrMaCLE 906 $aBOOK 912 $a9910500607003321 996 $aArchéologie de l?habitat en alta Verapaz, Guatemala$93034429 997 $aUNINA